Financial institutions and markets : (Record no. 6137)
[ view plain ]
| 000 -LEADER | |
|---|---|
| fixed length control field | 00593nam a22001932 4500 |
| 001 - CONTROL NUMBER | |
| control field | 0000002964 |
| 005 - DATE AND TIME OF LATEST TRANSACTION | |
| control field | 20151217151909.0 |
| 008 - FIXED-LENGTH DATA ELEMENTS--GENERAL INFORMATION | |
| fixed length control field | 070424s xx 000 0 eng d |
| 040 ## - CATALOGING SOURCE | |
| Original cataloging agency | KABU |
| Transcribing agency | KABU |
| 050 #0 - LIBRARY OF CONGRESS CALL NUMBER | |
| Classification number | HG2491 |
| Item number | .J64 1993 |
| 100 1# - MAIN ENTRY--PERSONAL NAME | |
| Personal name | Johnson, Hazel J. |
| -- | 0000152515 |
| 245 10 - TITLE STATEMENT | |
| Title | Financial institutions and markets : |
| Remainder of title | a global perspective / |
| Statement of responsibility, etc. | Hazel J. Johnson. |
| 260 ## - PUBLICATION, DISTRIBUTION, ETC. (IMPRINT) | |
| Place of publication, distribution, etc. | New York : |
| Name of publisher, distributor, etc. | McGraw-Hill, |
| Date of publication, distribution, etc. | c1993. |
| 300 ## - PHYSICAL DESCRIPTION | |
| Extent | xxi, 560 p. |
| 650 #0 - SUBJECT ADDED ENTRY--TOPICAL TERM | |
| Topical term or geographic name as entry element | Finance institutions. |
| -- | 0000152516 |
| 908 ## - PUT COMMAND PARAMETER (RLIN) | |
| Put command parameter | 070424 |
| 950 ## - LOCAL HOLDINGS (RLIN) | |
| -- | 1 |
| Withdrawn status | Lost status | Source of classification or shelving scheme | Not for loan | Home library | Current library | Date acquired | Total Checkouts | Full call number | Barcode | Date last seen | Price effective from | Koha item type |
|---|---|---|---|---|---|---|---|---|---|---|---|---|
| Library of Congress Classification | Kabarak, Main Campus | Kabarak, Main Campus | 17/12/2015 | HG2491 .J64 1993 | 005292 | 17/12/2015 | 17/12/2015 | General Collection |